000 00557nam a2200229Ia 4500
003 OSt
005 20220918172448.0
006 a|||||r|||| 00| 0
007 ta
008 220917b |||||||| |||| 00| 0 eng d
024 _a909
037 _cTextual
040 _aARTS
_cARTS
_beng
041 _2eng
_aeng
082 _aO:9z7, J71
100 _aHolroyd Stuart
_941700
245 0 _aEmergence from chaos
260 _c1957
650 _aENGLISH LITERATURE
942 _hO:9z7, J71
_cTEXL
_2CC
999 _c144006
_d144006